[Event "XXIV MEMORIAL J. KOCHANA"]
[Site "Koszalin"]
[Date "2013.08.10"]
[Round "1.2"]
[White "Smolenski, Filip"]
[Black "Sieciechowicz, Marcin"]
[Result "0-1"]
[WhiteElo "1555"]
[BlackElo "2458"]
[PlyCount "100"]
[EventDate "2013.??.??"]

1. e4 c5 2. c3 d5 3. exd5 Qxd5 4. d4 Nc6 5. Nf3 Nf6 6. Be2 cxd4 7. cxd4 e6 8.
Nc3 Qd6 9. O-O Be7 10. h3 O-O 11. Be3 b6 12. Qb3 Bb7 13. Rad1 Rac8 14. Rfe1 Na5
15. Qc2 Nc4 16. Bxc4 Rxc4 17. Ne5 Rcc8 18. Bf4 Nd5 19. Qd2 Qb4 20. Nxd5 Bxd5
21. a3 Qxd2 22. Rxd2 Rfd8 23. Ng4 Kf8 24. Ne3 Bb7 25. Red1 Bd5 26. Nxd5 Rxd5
27. f3 Rc4 28. Kf2 Rb5 29. Ke2 Rb3 30. g3 b5 31. Kf2 a5 32. Re2 f6 33. d5 e5
34. Be3 Bd6 35. h4 h5 36. Kg2 Ke8 37. Kf2 Kd7 38. Kg2 a4 39. Kf2 Bc5 40. Bxc5
Rxc5 41. Red2 Kd6 42. Ke2 Rc4 43. Kf2 Rd4 44. Rxd4 exd4 45. Rxd4 Rxb2+ 46. Ke3
Rb3+ 47. Rd3 Rxd3+ 48. Kxd3 Kxd5 49. g4 hxg4 50. fxg4 Ke5 0-1

[Event "XXIV MEMORIAL J. KOCHANA"]
[Site "Koszalin"]
[Date "2013.08.10"]
[Round "1.6"]
[White "Kozlowski, Konrad"]
[Black "Kuciel, Wladyslaw"]
[Result "0-1"]
[WhiteElo "1515"]
[BlackElo "1978"]
[PlyCount "78"]
[EventDate "2013.??.??"]

1. e4 c5 2. Nc3 e6 3. g3 Nc6 4. Bg2 Nf6 5. f4 d6 6. Nf3 Be7 7. d3 Rb8 8. Rb1 b5
9. a3 a5 10. O-O O-O 11. Bd2 Qc7 12. Ne2 b4 13. a4 c4 14. Be3 Ng4 15. Bf2 cxd3
16. cxd3 Ba6 17. Kh1 Nxf2+ 18. Rxf2 Qb6 19. Rf1 Rbc8 20. b3 Qe3 21. Ne1 Nd4 22.
Nxd4 Qxd4 23. Rf3 Bf6 24. g4 Qc5 25. g5 Bd4 26. Rh3 g6 27. Nf3 Be3 28. Ne1 Bxf4
29. d4 Qxg5 30. Nf3 Qf6 31. Qe1 e5 32. d5 Rc3 33. Qf2 Rfc8 34. Qa7 Rc1+ 35.
Rxc1 Rxc1+ 36. Ng1 Bc8 37. Rf3 Bg4 38. Rd3 Qh4 39. h3 Be2 0-1

[Event "XXIV MEMORIAL J. KOCHANA"]
[Site "Koszalin"]
[Date "2013.08.10"]
[Round "1.7"]
[White "Piotrowski, Pawel"]
[Black "Stefanoff, Zdzislaw"]
[Result "1-0"]
[WhiteElo "1959"]
[BlackElo "1512"]
[PlyCount "125"]
[EventDate "2013.??.??"]

1. d4 d5 2. c4 e6 3. Nf3 Bb4+ 4. Bd2 Bxd2+ 5. Nbxd2 Nc6 6. e3 Nf6 7. Rc1 O-O 8.
Bd3 Nb4 9. Bb1 c6 10. a3 Na6 11. O-O Nd7 12. e4 dxe4 13. Nxe4 Nf6 14. Qe2 Nc7
15. Rfd1 Nce8 16. Nc3 b6 17. Rd2 Bb7 18. Rcd1 Qc7 19. Qe5 Qe7 20. d5 cxd5 21.
cxd5 Nd6 22. Qe2 Rad8 23. dxe6 fxe6 24. Ng5 Nf7 25. Qxe6 Qxe6 26. Nxe6 Rxd2 27.
Rxd2 Re8 28. Ba2 Bc8 29. Re2 Bxe6 30. Rxe6 Rxe6 31. Bxe6 Kf8 32. Nb5 a5 33. Kf1
Nd8 34. Bc4 Ke7 35. Ke2 Nc6 36. f4 Ne8 37. Bd5 Nb8 38. g4 Nf6 39. Bf3 Nfd7 40.
Ke3 Na6 41. g5 Nac5 42. Bd5 Na6 43. h3 Ndb8 44. f5 Nd7 45. Kd4 Nab8 46. h4 Na6
47. Be6 Ndc5 48. Bg8 h6 49. Kd5 Nb8 50. Nd4 hxg5 51. hxg5 Kd7 52. Ne6 Nxe6 53.
Bxe6+ Kc7 54. f6 gxf6 55. g6 Nc6 56. g7 Ne7+ 57. Kc4 Kc6 58. Bd5+ Kc7 59. g8=Q
Nxg8 60. Bxg8 Kc6 61. Bd5+ Kd6 62. Bh1 Kc7 63. Kb5 1-0

[Event "XXIV MEMORIAL J. KOCHANA"]
[Site "Koszalin"]
[Date "2013.08.10"]
[Round "1.8"]
[White "Oglaza, Oskar"]
[Black "Brusilowicz, Przemyslaw"]
[Result "1/2-1/2"]
[WhiteElo "1512"]
[BlackElo "1954"]
[PlyCount "81"]
[EventDate "2013.??.??"]

1. e4 c5 2. Nf3 d6 3. d4 cxd4 4. Nxd4 Nf6 5. Nc3 g6 6. f3 Bg7 7. Be3 Nc6 8. Qd2
Bd7 9. g4 a6 10. h4 h5 11. g5 Nh7 12. Nd5 O-O 13. O-O-O Rc8 14. Nxc6 Rxc6 15.
Nb4 Rc8 16. Nd5 Be6 17. f4 Bxd5 18. Qxd5 Qc7 19. Bd3 e6 20. Qb3 Rfe8 21. Bd2
Nf8 22. f5 Be5 23. Rdf1 b5 24. Bf4 Bxf4+ 25. Rxf4 d5 26. Rhf1 exf5 27. exf5
Re1+ 28. Kd2 Qe5 29. Rxe1 Qxf4+ 30. Kd1 Qg4+ 31. Re2 Re8 32. Qxd5 Rxe2 33. Bxe2
Qxh4 34. fxg6 Nxg6 35. Qd8+ Kh7 36. Qf6 Qh1+ 37. Kd2 Qd5+ 38. Ke1 h4 39. Bh5
Qe4+ 40. Kd2 Qd5+ 41. Ke1 1/2-1/2

[Event "XXIV MEMORIAL J. KOCHANA"]
[Site "Koszalin"]
[Date "2013.08.10"]
[Round "1.9"]
[White "Janik, Igor"]
[Black "Kedziera, Izydor"]
[Result "1-0"]
[WhiteElo "1953"]
[BlackElo "1512"]
[PlyCount "61"]
[EventDate "2013.??.??"]

1. e4 d6 2. d4 e6 3. Nf3 a6 4. Nc3 h6 5. Bd3 Be7 6. O-O Bg5 7. Nxg5 hxg5 8. f4
Qf6 9. e5 Qh6 10. h3 Qh4 11. Ne4 g4 12. Qxg4 Qxg4 13. hxg4 g6 14. exd6 f5 15.
gxf5 gxf5 16. dxc7 fxe4 17. cxb8=Q Rxb8 18. Bxe4 Nf6 19. Bf3 b5 20. a4 b4 21.
Bd2 a5 22. Rae1 Kf7 23. Re5 Bb7 24. f5 Bxf3 25. fxe6+ Ke7 26. Rxf3 Ng4 27. Rf7+
Kd6 28. Rd7+ Kc6 29. Rc5+ Kb6 30. Rb5+ Kc6 31. d5# 1-0

[Event "XXIV MEMORIAL J. KOCHANA"]
[Site "Koszalin"]
[Date "2013.08.10"]
[Round "1.10"]
[White "Turzynska, Grazyna"]
[Black "Tymrakiewicz, Marcin"]
[Result "1/2-1/2"]
[WhiteElo "1487"]
[BlackElo "1936"]
[PlyCount "60"]
[EventDate "2013.??.??"]

1. e4 c5 2. Nf3 g6 3. Bc4 Bg7 4. Nc3 Nc6 5. d3 a6 6. a3 e6 7. O-O Nge7 8. Bf4
d6 9. h4 O-O 10. Qc1 b5 11. Ba2 Bb7 12. Ne2 d5 13. Bh6 Qc7 14. Ng3 dxe4 15.
dxe4 Rad8 16. Bxg7 Kxg7 17. Qg5 Ng8 18. Nh5+ Kh8 19. Nf4 Rfe8 20. h5 Qe7 21.
hxg6 hxg6 22. Qg3 Qf6 23. Ng5 Bc8 24. Rad1 Rxd1 25. Rxd1 Qe7 26. Rd3 c4 27.
Qh4+ Kg7 28. Rh3 Kf8 29. Nh7+ Kg7 30. Ng5 Kf8 1/2-1/2

[Event "XXIV MEMORIAL J. KOCHANA"]
[Site "Koszalin"]
[Date "2013.08.10"]
[Round "1.11"]
[White "Czajkowski, Adam"]
[Black "Popiolek, Hubert"]
[Result "1-0"]
[WhiteElo "1933"]
[BlackElo "1332"]
[PlyCount "113"]
[EventDate "2013.??.??"]

1. e4 c5 2. Nf3 Nc6 3. d4 cxd4 4. Nxd4 d6 5. c4 Nf6 6. Nc3 g6 7. f3 a6 8. Be3
Bg7 9. Qd2 Qa5 10. Be2 Bd7 11. O-O O-O 12. Rfd1 Rac8 13. Rac1 Ne5 14. Nb3 Qd8
15. Nd5 Nxd5 16. cxd5 Ba4 17. Rxc8 Qxc8 18. Rc1 Qb8 19. Nd4 Rc8 20. f4 Nd7 21.
b3 Rxc1+ 22. Qxc1 Bxd4 23. Bxd4 Bb5 24. Bg4 Nf8 25. Qc8 Qxc8 26. Bxc8 Bd3 27.
Bxb7 Bxe4 28. Bxa6 Bxd5 29. Bc4 Ba8 30. b4 Nd7 31. Bb5 Nb8 32. a4 Nc6 33. Bc3
Kf8 34. a5 Ke8 35. Ba4 Kd8 36. b5 Nb8 37. Bb3 e6 38. Bc4 d5 39. Be2 Kc8 40. Kf2
Nd7 41. Bb4 Kb7 42. Kg3 Kc8 43. Kf2 Kb8 44. Ke3 Kc7 45. Kd4 f6 46. g3 Kb7 47.
Bd6 Kc8 48. Bg4 f5 49. Bd1 Kb7 50. Ba4 Kc8 51. Be5 Kb7 52. b6 Nxe5 53. fxe5 Ka6
54. Kc5 Kxa5 55. Bc6 Bxc6 56. Kxc6 d4 57. b7 1-0

[Event "XXIV MEMORIAL J. KOCHANA"]
[Site "Koszalin"]
[Date "2013.08.10"]
[Round "1.12"]
[White "Grzesik, Gracjan"]
[Black "Kowalski, Maciej"]
[Result "0-1"]
[WhiteElo "1446"]
[BlackElo "1932"]
[PlyCount "106"]
[EventDate "2013.??.??"]

1. c4 e5 2. g3 g6 3. Bg2 Bg7 4. d3 Ne7 5. Nc3 O-O 6. e3 c6 7. Nge2 d5 8. O-O
Be6 9. cxd5 cxd5 10. d4 f6 11. f4 e4 12. Bd2 Qd7 13. b4 Bh3 14. Qb3 Bxg2 15.
Kxg2 Qf5 16. h3 h5 17. a4 Rd8 18. Nb5 Nbc6 19. Rfc1 Rac8 20. Rc2 Qe6 21. Rac1
Nf5 22. Na3 h4 23. g4 Nh6 24. b5 Ne7 25. Rxc8 Nxc8 26. Kh2 Bf8 27. Bb4 Nd6 28.
a5 g5 29. f5 Nhxf5 30. gxf5 Qxf5 31. Qd1 Qf2+ 32. Kh1 Nf5 33. Bxf8 Nxe3 34. Qg1
Qf3+ 35. Kh2 Qxe2+ 36. Kh1 Rxf8 37. Re1 Qf3+ 38. Kh2 Nf5 39. Rf1 Qg3+ 40. Qxg3
hxg3+ 41. Kg1 Nh4 42. Rc1 f5 43. Rc7 f4 44. Rxb7 f3 45. Kf1 f2 46. Rxa7 g2+ 47.
Ke2 f1=Q+ 48. Kd2 Qd3+ 49. Kc1 g1=Q+ 50. Kb2 Qgxd4+ 51. Ka2 Rf2+ 52. Nc2 Qa4+
53. Kb2 Qdxc2# 0-1

[Event "XXIV MEMORIAL J. KOCHANA"]
[Site "Koszalin"]
[Date "2013.08.10"]
[Round "1.13"]
[White "Lisinski, Henryk"]
[Black "Kwiatkowski, Marek"]
[Result "1-0"]
[WhiteElo "1929"]
[BlackElo "1434"]
[PlyCount "95"]
[EventDate "2013.??.??"]

1. d4 d5 2. Nf3 e6 3. c4 Nf6 4. Nc3 Bb4 5. e3 Ne4 6. Qb3 c5 7. Bd3 dxc4 8. Bxc4
Qa5 9. Bd2 Nxd2 10. Nxd2 Nc6 11. dxc5 Qxc5 12. a3 Bxc3 13. Qxc3 O-O 14. O-O b5
15. b4 Qg5 16. Be2 Bb7 17. Ne4 Qd5 18. Bf3 Ne5 19. Nf6+ gxf6 20. Bxd5 Bxd5 21.
Rac1 Kh8 22. f4 Rg8 23. Rc2 Nd7 24. Qd4 Rad8 25. e4 Bc4 26. Re1 Ne5 27. Qb2
Nf3+ 28. Kf2 Nd4 29. Rd2 e5 30. Red1 Rge8 31. Rxd4 exd4 32. Rxd4 Rxd4 33. Qxd4
Kg7 34. Ke3 Re7 35. g4 h6 36. h4 Re6 37. g5 hxg5 38. hxg5 Ra6 39. gxf6+ Kg6 40.
Qc3 Rxf6 41. Qe5 Ra6 42. Qg5+ Kh7 43. f5 Rxa3+ 44. Kf4 Ra1 45. f6 Rf1+ 46. Ke5
Rxf6 47. Kxf6 a6 48. Qg7# 1-0

[Event "XXIV MEMORIAL J. KOCHANA"]
[Site "Koszalin"]
[Date "2013.08.10"]
[Round "1.14"]
[White "Cwirko, Mateusz"]
[Black "Smal, Tobiasz"]
[Result "0-1"]
[WhiteElo "1420"]
[BlackElo "1928"]
[PlyCount "79"]
[EventDate "2013.??.??"]

1. e4 c5 2. Nf3 d6 3. d4 cxd4 4. Nxd4 Nf6 5. Nc3 a6 6. Be3 e5 7. Nb3 Be6 8. Be2
Nbd7 9. O-O b5 10. a3 Nb6 11. Rc1 Be7 12. Kh1 O-O 13. f3 Qc7 14. Re1 Rfd8 15.
Bf1 Rac8 16. Qe2 Nc4 17. Rb1 Nxb2 18. Rxb2 Qxc3 19. Reb1 Bc4 20. Bd2 Bxe2 21.
Bxc3 Bxf1 22. Ba5 Bc4 23. Bxd8 Bxd8 24. Rd1 d5 25. exd5 Nxd5 26. Nd2 Ne3 27.
Rc1 Ba5 28. Ne4 f5 29. Nd6 Rc6 30. Nxc4 Rxc4 31. Rb3 Rxc2 32. Rxc2 Nxc2 33. Kg1
Kf7 34. Kf1 Nd4 35. Rd3 b4 36. axb4 Bxb4 37. f4 Ke6 38. fxe5 Kxe5 39. Re3+ Kd5
40. Re7 0-1

[Event "XXIV MEMORIAL J. KOCHANA"]
[Site "Koszalin"]
[Date "2013.08.10"]
[Round "1.15"]
[White "Karwowski, Kacper"]
[Black "Trembowiecka-Wysota, Aleksandra"]
[Result "1-0"]
[WhiteElo "1904"]
[BlackElo "1404"]
[PlyCount "67"]
[EventDate "2013.??.??"]

1. e4 c5 2. Nf3 d6 3. d4 cxd4 4. Nxd4 Nf6 5. Nc3 g6 6. Be2 Bg7 7. O-O O-O 8.
Nb3 Nc6 9. Bg5 Be6 10. Kh1 Rc8 11. f4 a6 12. Bf3 b5 13. Nd5 a5 14. Bxf6 exf6
15. c3 f5 16. exf5 Bxf5 17. Ne3 Be6 18. f5 Bxb3 19. Qxb3 Qb6 20. Bxc6 Qxc6 21.
Nd5 Rfe8 22. Rae1 a4 23. Qd1 Bf8 24. Nf6+ Kh8 25. Nxe8 Rxe8 26. Rxe8 Qxe8 27.
fxg6 hxg6 28. Qd4+ Kg8 29. h3 Qe6 30. a3 Bg7 31. Qb6 Qe2 32. Qf2 Qe6 33. Qf3
Qb3 34. Qe2 1-0

[Event "XXIV MEMORIAL J. KOCHANA"]
[Site "Koszalin"]
[Date "2013.08.10"]
[Round "1.16"]
[White "Los, Kazimierz"]
[Black "Gajdamowicz, Patrick"]
[Result "0-1"]
[WhiteElo "1388"]
[BlackElo "1892"]
[PlyCount "116"]
[EventDate "2013.??.??"]

1. d4 Nf6 2. Nf3 g6 3. Nc3 Bg7 4. e3 O-O 5. Bd3 d6 6. O-O c5 7. d5 a6 8. a4
Nbd7 9. b3 Nxd5 10. Nxd5 Bxa1 11. c3 e6 12. Bd2 exd5 13. Qxa1 Ne5 14. Be2 Be6
15. Qb2 b5 16. Nxe5 dxe5 17. axb5 axb5 18. Bxb5 Qb6 19. c4 dxc4 20. Qxe5 f6 21.
Qxe6+ Qxe6 22. Bxc4 Qxc4 23. bxc4 Ra4 24. Rc1 Re8 25. f3 Rd8 26. Rc2 Rda8 27.
Kf2 Ra2 28. Rxa2 Rxa2 29. Ke2 Kf7 30. h4 f5 31. g3 Ra4 32. Kd3 Ke6 33. f4 Ra1
34. Ke2 Ra3 35. Be1 h6 36. Bd2 Kf6 37. Be1 g5 38. hxg5+ hxg5 39. Bd2 Ra2 40.
fxg5+ Kxg5 41. e4+ Kg4 42. exf5 Kxf5 43. Kd3 Ra3+ 44. Bc3 Kg4 45. Kd2 Kxg3 46.
Be5+ Kf3 47. Bd6 Ra5 48. Kd3 Ra3+ 49. Kd2 Ra8 50. Bxc5 Rc8 51. Kd3 Rxc5 52. Kd4
Rc8 53. c5 Kf4 54. Kd5 Kf5 55. Kd6 Kf6 56. c6 Rd8+ 57. Kc7 Ke7 58. Kb7 Kd6 0-1

[Event "XXIV MEMORIAL J. KOCHANA"]
[Site "Koszalin"]
[Date "2013.08.10"]
[Round "1.17"]
[White "Bartoszewicz, Marcin"]
[Black "Wolaniecki, Patryk"]
[Result "1-0"]
[WhiteElo "1878"]
[BlackElo "1388"]
[PlyCount "65"]
[EventDate "2013.??.??"]

1. e4 e5 2. Nf3 Nc6 3. Bb5 a6 4. Bxc6 dxc6 5. O-O Bd6 6. d4 exd4 7. Qxd4 f6 8.
Re1 Ne7 9. e5 fxe5 10. Nxe5 O-O 11. Nc3 Nf5 12. Qc4+ Kh8 13. Nf7+ Rxf7 14. Qxf7
Bd7 15. Ne4 Be7 16. Bd2 Qf8 17. Qxf8+ Rxf8 18. Bc3 c5 19. Be5 c6 20. Ng3 c4 21.
Rad1 Bc8 22. Nxf5 Bxf5 23. Bxg7+ Kxg7 24. Rxe7+ Rf7 25. Rxf7+ Kxf7 26. Rd2 Ke7
27. f3 b5 28. Kf2 a5 29. c3 b4 30. Ke3 Bd3 31. Rxd3 cxd3 32. Kxd3 c5 33. cxb4
1-0

[Event "XXIV MEMORIAL J. KOCHANA"]
[Site "Koszalin"]
[Date "2013.08.10"]
[Round "1.18"]
[White "Leszczewska, Edyta"]
[Black "Kucharski, Krzysztof"]
[Result "0-1"]
[WhiteElo "1382"]
[BlackElo "1864"]
[PlyCount "82"]
[EventDate "2013.??.??"]

1. e4 c5 2. Nc3 Nc6 3. f4 d6 4. Bc4 e6 5. Nf3 g6 6. d3 Bg7 7. O-O Nge7 8. Bd2
O-O 9. Qe1 Rb8 10. Qg3 Nd4 11. Nxd4 Bxd4+ 12. Kh1 Nc6 13. f5 Bg7 14. Bg5 f6 15.
Bf4 Ne5 16. Bxe5 dxe5 17. fxg6 hxg6 18. Qxg6 Qe8 19. Qg4 b5 20. Bb3 Kf7 21. Ne2
Rg8 22. Ng3 Ke7 23. Nh5 Bh8 24. Qh4 Rg5 25. Ng3 Bd7 26. Ne2 Qg6 27. Qf2 Rc8 28.
Ng3 c4 29. dxc4 bxc4 30. Bxc4 Rxc4 31. Qxa7 Rxg3 32. hxg3 Qh7+ 33. Kg1 Qxe4 34.
c3 Qc6 35. Kf2 f5 36. Rh1 Bg7 37. Rad1 Ra4 38. Qb8 Qc5+ 39. Kf1 Bb5+ 40. c4
Bxc4+ 41. Ke1 Qe3# 0-1

[Event "XXIV MEMORIAL J. KOCHANA"]
[Site "Koszalin"]
[Date "2013.08.10"]
[Round "1.19"]
[White "Fronczak, Sebastian"]
[Black "Krzywnicka, Maria"]
[Result "1-0"]
[WhiteElo "1859"]
[BlackElo "1372"]
[PlyCount "41"]
[EventDate "2013.??.??"]

1. e4 e5 2. Nf3 Nc6 3. Bb5 Nf6 4. Nc3 Bc5 5. O-O d6 6. d3 O-O 7. Be3 Bb6 8.
Bxc6 bxc6 9. a4 a5 10. h3 Bb7 11. Qd2 c5 12. Bg5 c6 13. Rae1 Re8 14. Nh2 d5 15.
Ng4 d4 16. Ne2 Qd6 17. Bxf6 gxf6 18. Nh6+ Kf8 19. Nf5 Qd7 20. Qh6+ Kg8 21. Qg7#
1-0

[Event "XXIV MEMORIAL J. KOCHANA"]
[Site "Koszalin"]
[Date "2013.08.10"]
[Round "1.20"]
[White "Zukowska, Aleksandra"]
[Black "Januszkiewicz, Wojciech"]
[Result "0-1"]
[WhiteElo "1345"]
[BlackElo "1841"]
[PlyCount "106"]
[EventDate "2013.??.??"]

1. e4 c5 2. c3 g6 3. Nf3 Bg7 4. d4 cxd4 5. cxd4 d5 6. e5 Nc6 7. Nc3 Nh6 8. Be2
Nf5 9. O-O O-O 10. Bf4 a6 11. a3 f6 12. Qd2 fxe5 13. dxe5 e6 14. Rfe1 b6 15.
Rad1 Bb7 16. Ng5 Qe7 17. Nf3 Qc7 18. Rc1 b5 19. Ng5 Qd7 20. Nf3 Rad8 21. Red1
Qc7 22. Nxb5 axb5 23. Bxb5 Qb6 24. Bxc6 Bxc6 25. Bg5 Rd7 26. Qc2 Bb7 27. Qa4
Rc7 28. Rxc7 Qxc7 29. Rc1 Qb6 30. b4 h6 31. Bd2 d4 32. Qd7 Rd8 33. Qa4 Bxf3 34.
gxf3 Nh4 35. Qd1 Qb7 36. Bf4 Nxf3+ 37. Kf1 d3 38. Bg3 Nxe5 39. Kg1 d2 40. Rc2
Qe4 41. Rxd2 Rxd2 42. Qc1 Rc2 43. Qd1 Nf3+ 44. Kh1 Nd2+ 45. Kg1 Rb2 46. Bd6 Rb1
47. Qxb1 Nxb1 48. Bc5 Be5 49. Kf1 Nd2+ 50. Kg1 Qg4+ 51. Kh1 Bxh2 52. Kxh2 Nf3+
53. Kh1 Qh3# 0-1

[Event "XXIV MEMORIAL J. KOCHANA"]
[Site "Koszalin"]
[Date "2013.08.10"]
[Round "1.23"]
[White "Wacior, Maciej"]
[Black "Ciesielski, Jan"]
[Result "1-0"]
[WhiteElo "1797"]
[BlackElo "1268"]
[PlyCount "49"]
[EventDate "2013.??.??"]

1. d4 d5 2. Nf3 Bf5 3. Bf4 Nf6 4. e3 e6 5. c3 a6 6. Be2 Be7 7. O-O Nc6 8. h3
O-O 9. Nbd2 Qd7 10. a3 Rfe8 11. c4 Rad8 12. Rc1 h6 13. b4 Be4 14. b5 axb5 15.
cxb5 Nb8 16. Rxc7 Qxc7 17. Bxc7 Rc8 18. b6 Bxa3 19. Nxe4 Nxe4 20. Qb3 Be7 21.
Bb5 Rf8 22. Ra1 Bd6 23. Bxd6 Nxd6 24. Ne5 Rc3 25. Qxc3 1-0

[Event "XXIV MEMORIAL J. KOCHANA"]
[Site "Koszalin"]
[Date "2013.08.10"]
[Round "1.24"]
[White "Bilczewska, Olga"]
[Black "Lebiedowicz, Borys"]
[Result "0-1"]
[WhiteElo "1223"]
[BlackElo "1781"]
[PlyCount "54"]
[EventDate "2013.??.??"]

1. e4 e5 2. Nf3 Nc6 3. Bc4 Nf6 4. d3 d6 5. a3 Be6 6. Nc3 Qd7 7. b4 Ne7 8. Be3
Ng6 9. O-O Be7 10. Ng5 h6 11. Nxe6 fxe6 12. Qf3 O-O-O 13. Qg3 Nf8 14. Qxg7 Rh7
15. Qg3 d5 16. exd5 exd5 17. Nxd5 Nxd5 18. Bxa7 Nf4 19. Qf3 Rg7 20. g3 N8e6 21.
Ba6 Nd5 22. Bc4 Ng5 23. Qg2 Nf4 24. gxf4 Nh3+ 25. Kh1 Rxg2 26. Kxg2 Qg4+ 27.
Kh1 Qf3# 0-1

[Event "XXIV MEMORIAL J. KOCHANA"]
[Site "Koszalin"]
[Date "2013.08.10"]
[Round "1.25"]
[White "Przerwa, Waldemar"]
[Black "Leszczewska, Aneta"]
[Result "1-0"]
[WhiteElo "1779"]
[BlackElo "1115"]
[PlyCount "113"]
[EventDate "2013.??.??"]

1. g3 g6 2. Bg2 Nf6 3. Nf3 Bg7 4. O-O O-O 5. c4 d5 6. cxd5 Nxd5 7. Nc3 Nxc3 8.
dxc3 Qe8 9. Be3 Nd7 10. Qd2 Nf6 11. Bh6 Ng4 12. Bxg7 Kxg7 13. h3 Nf6 14. Ne5
Qb5 15. f4 Be6 16. e4 Rad8 17. Qc2 Nd7 18. Nf3 Bc4 19. Nd4 Qa6 20. Rfd1 Nc5 21.
Bf1 Bxf1 22. Rxf1 Ne6 23. Nxe6+ Qxe6 24. Kh2 Rd6 25. e5 Rd5 26. Rfd1 Rfd8 27.
b3 Qd7 28. Rxd5 Qxd5 29. Re1 Qf3 30. c4 Rd3 31. Rg1 Qe3 32. Rg2 Qd4 33. Qf2 Qa1
34. Rg1 Rd1 35. Rxd1 Qxd1 36. Kg2 b6 37. g4 Qd7 38. Qe3 Qe6 39. Kf3 f6 40. Qd4
h5 41. Qd5 Qc8 42. e6 Qh8 43. Kg3 hxg4 44. hxg4 Qh6 45. Qd8 g5 46. Qxe7+ Kg8
47. Qf7+ Kh8 48. fxg5 Qxg5 49. Qh5+ Qxh5 50. gxh5 Kg7 51. h6+ Kxh6 52. e7 Kg6
53. e8=Q+ Kf5 54. Qd7+ Kg6 55. Kf4 Kh5 56. Qg7 Kh4 57. Qh7# 1-0

[Event "XXIV MEMORIAL J. KOCHANA"]
[Site "Koszalin"]
[Date "2013.08.10"]
[Round "1.27"]
[White "Koszowski, Krystian"]
[Black "Luczak, Filip"]
[Result "1/2-1/2"]
[WhiteElo "1721"]
[BlackElo "1360"]
[PlyCount "117"]
[EventDate "2013.??.??"]

1. e4 c5 2. Nf3 d6 3. d4 cxd4 4. Nxd4 Nf6 5. Nc3 g6 6. Bc4 a6 7. a3 Bg7 8. O-O
b5 9. Bb3 Bb7 10. Re1 Nbd7 11. Nf3 O-O 12. Bf4 Nc5 13. e5 dxe5 14. Nxe5 Nxb3
15. cxb3 Qxd1 16. Raxd1 Nh5 17. Nd3 Nxf4 18. Nxf4 e6 19. Re2 Rfd8 20. Red2 Rxd2
21. Rxd2 Re8 22. Nfe2 Kf8 23. Rd7 Rb8 24. f3 Ke8 25. Rd3 Rd8 26. Rxd8+ Kxd8 27.
Kf2 Ke7 28. Ke3 f5 29. Kd3 Kd6 30. b4 g5 31. b3 Bd5 32. a4 Bxb3 33. axb5 axb5
34. Nxb5+ Kd5 35. Nc7+ Kc6 36. Ne8 Bh8 37. Nd4+ Bxd4 38. Kxd4 Kb5 39. Ke5 Kxb4
40. Ng7 h6 41. Nxe6 f4 42. Ng7 Bc4 43. Nf5 Bf1 44. g4 fxg3 45. hxg3 Bg2 46.
Nxh6 Bxf3 47. Kf5 Bd1 48. Kxg5 Kc5 49. Nf5 Kc6 50. Kf4 Kd7 51. Nd4 Bh5 52. Nf5
Bd1 53. Nh4 Bh5 54. Kg5 Bd1 55. Nf5 Ke8 56. Kf4 Kf8 57. Nd4 Bh5 58. g4 Bxg4 59.
Kxg4 1/2-1/2

[Event "XXIV MEMORIAL J. KOCHANA"]
[Site "Koszalin"]
[Date "2013.08.11"]
[Round "2.1"]
[White "Sieciechowicz, Marcin"]
[Black "Fronczak, Sebastian"]
[Result "1-0"]
[WhiteElo "2458"]
[BlackElo "1859"]
[PlyCount "55"]
[EventDate "2013.??.??"]

1. d4 Nf6 2. c4 c5 3. d5 b5 4. Nf3 d6 5. cxb5 a6 6. b6 Qxb6 7. Nc3 Nbd7 8. a4
g6 9. a5 Qb4 10. Nd2 Bg7 11. e4 O-O 12. Be2 Ne8 13. O-O Nc7 14. Nc4 Qb8 15. Na4
Ra7 16. Nab6 Nf6 17. Bd3 Bd7 18. Rb1 Bb5 19. Qe2 Nd7 20. b4 Rb7 21. Nxd7 Bxd7
22. Nb6 Bb5 23. bxc5 dxc5 24. Bf4 Bxd3 25. Qxd3 Rd8 26. Bxc7 Qxc7 27. Qxa6 Bc3
28. Na8 1-0

[Event "XXIV MEMORIAL J. KOCHANA"]
[Site "Koszalin"]
[Date "2013.08.11"]
[Round "2.2"]
[White "Januszkiewicz, Wojciech"]
[Black "Dobrowolski, Piotr"]
[Result "0-1"]
[WhiteElo "1841"]
[BlackElo "2423"]
[PlyCount "80"]
[EventDate "2013.??.??"]

1. e4 e6 2. d4 d5 3. Nc3 Bb4 4. e5 c5 5. a3 Bxc3+ 6. bxc3 Ne7 7. Nf3 Qc7 8. Bd3
Bd7 9. a4 Nbc6 10. O-O b6 11. Re1 h6 12. h3 Na5 13. Nh2 cxd4 14. cxd4 Qc3 15.
Be3 Nc4 16. Qg4 Kf8 17. Rec1 Nb2 18. Nf1 h5 19. Qg5 Nc6 20. Ng3 Nxd3 21. cxd3
Qxd3 22. Nxh5 Qg6 23. Qxg6 fxg6 24. Nf4 Kf7 25. Rc3 Rhc8 26. Rac1 Na5 27. Rc7
Rxc7 28. Rxc7 Ke8 29. Nxg6 Kd8 30. Rc3 Bxa4 31. Bg5+ Kd7 32. g4 Nc6 33. Be3 b5
34. Nf4 b4 35. Rc1 Bb5 36. Bd2 a5 37. Ra1 a4 38. Ng2 b3 39. Bc1 Nxd4 40. Bb2
Nc2 0-1

[Event "XXIV MEMORIAL J. KOCHANA"]
[Site "Koszalin"]
[Date "2013.08.11"]
[Round "2.5"]
[White "Bilczewski, Kacper"]
[Black "Piotrowski, Pawel"]
[Result "0-1"]
[WhiteElo "1807"]
[BlackElo "1959"]
[PlyCount "124"]
[EventDate "2013.??.??"]

1. e4 e6 2. d4 d5 3. Nd2 Nf6 4. e5 Nfd7 5. Bd3 c5 6. c3 Nc6 7. Ne2 cxd4 8. cxd4
f6 9. Nf4 Nxd4 10. Qh5+ Ke7 11. exf6+ gxf6 12. Ng6+ hxg6 13. Qxh8 Ne5 14. Qh7+
Kd6 15. Bxg6 Nxg6 16. Qxg6 e5 17. O-O Bf5 18. Qh5 Bd3 19. b3 Bxf1 20. Nxf1 Qe8
21. Qh7 Be7 22. Ba3+ Ke6 23. Qh3+ f5 24. Bb2 Nc6 25. Ne3 Qg6 26. Rd1 d4 27. Nc4
Rg8 28. f3 Bf6 29. Re1 Rh8 30. Qg3 Qxg3 31. hxg3 Kd5 32. Ba3 b5 33. Nd2 Re8 34.
Rc1 Be7 35. Bxe7 Rxe7 36. g4 fxg4 37. Ne4 gxf3 38. gxf3 Nb4 39. Rc5+ Ke6 40. a3
Nd3 41. Rxb5 Kf5 42. Kf1 Kf4 43. Ke2 Nb2 44. Nd2 Rh7 45. Nf1 Rc7 46. Rb8 d3+
47. Kf2 Rc2+ 48. Kg1 d2 49. Rf8+ Kg5 50. Rg8+ Kf6 51. Nxd2 Rxd2 52. Ra8 Kg5 53.
Rxa7 Kf4 54. Rf7+ Kg3 55. Kf1 Nd3 56. a4 Rf2+ 57. Kg1 Re2 58. Rg7+ Kxf3 59. a5
Re1+ 60. Kh2 Ra1 61. Ra7 e4 62. Ra8 e3 0-1

[Event "XXIV MEMORIAL J. KOCHANA"]
[Site "Koszalin"]
[Date "2013.08.11"]
[Round "2.6"]
[White "Lebiedowicz, Borys"]
[Black "Janik, Igor"]
[Result "1-0"]
[WhiteElo "1781"]
[BlackElo "1953"]
[PlyCount "71"]
[EventDate "2013.??.??"]

1. e4 c5 2. Nf3 d6 3. d4 cxd4 4. Qxd4 Nf6 5. Nc3 Bd7 6. Bg5 Nc6 7. Qd2 Rc8 8.
O-O-O Qa5 9. Kb1 a6 10. Bxf6 gxf6 11. Nd4 e6 12. f4 b5 13. g3 Be7 14. Bh3 Nxd4
15. Qxd4 b4 16. Ne2 Qh5 17. Bf1 a5 18. Rg1 Qxh2 19. e5 fxe5 20. fxe5 d5 21. Rg2
Qh6 22. Nf4 Rg8 23. Qb6 Bd8 24. Qe3 Bc6 25. Bd3 Bg5 26. Rf2 Qg7 27. Re1 Bxf4
28. gxf4 h5 29. Qb6 Qg3 30. Rff1 Rg4 31. Ba6 Bd7 32. Bxc8 Bxc8 33. Qxa5 Rxf4
34. Rg1 Re4 35. Ref1 Qxe5 36. Rg8+ 1-0

[Event "XXIV MEMORIAL J. KOCHANA"]
[Site "Koszalin"]
[Date "2013.08.11"]
[Round "2.8"]
[White "Kowalski, Maciej"]
[Black "Przerwa, Waldemar"]
[Result "1/2-1/2"]
[WhiteElo "1932"]
[BlackElo "1779"]
[PlyCount "69"]
[EventDate "2013.??.??"]

1. d4 Nf6 2. c4 e6 3. Nf3 c5 4. Nc3 g6 5. e4 cxd4 6. Nxd4 d6 7. Bg5 a6 8. Qd2
h6 9. Bh4 g5 10. Bg3 Nh5 11. Be2 Nxg3 12. hxg3 Nc6 13. O-O-O Qf6 14. Nxc6 bxc6
15. f4 Be7 16. Rh5 Qg7 17. Rdh1 Rb8 18. Bf3 g4 19. Bd1 f5 20. exf5 exf5 21. Re1
O-O 22. Bb3 Rf6 23. c5+ d5 24. Nxd5 cxd5 25. Qxd5+ Kf8 26. Rxe7 Kxe7 27. Qe5+
Kd8 28. Qxb8 Qe7 29. Rh1 Qxc5+ 30. Kb1 Rc6 31. Rd1+ Ke7 32. Ba4 Rc7 33. Qb3 Bb7
34. a3 Be4+ 35. Ka1 1/2-1/2

[Event "XXIV MEMORIAL J. KOCHANA"]
[Site "Koszalin"]
[Date "2013.08.11"]
[Round "2.9"]
[White "Kupiak, Sylwester"]
[Black "Lisinski, Henryk"]
[Result "0-1"]
[WhiteElo "1662"]
[BlackElo "1929"]
[PlyCount "39"]
[EventDate "2013.??.??"]

1. e4 c5 2. Nc3 d6 3. h3 e6 4. Nf3 Nf6 5. d4 cxd4 6. Nxd4 a6 7. a4 b6 8. Be3
Bb7 9. f3 Be7 10. Bc4 d5 11. exd5 Nxd5 12. Bxd5 Bh4+ 13. Bf2 Bxf2+ 14. Kxf2
Bxd5 15. Nf5 O-O 16. Nxd5 exf5 17. Re1 Nc6 18. Qd3 Qh4+ 19. Kf1 Rad8 20. Qb3
0-1